LEADER 01235nam a2200265 i 4500 001 991004197299707536 005 20020506115440.0 008 941110s1992 uk ||| | eng 020 $a9027235910 035 $ab10625549-39ule_inst 035 $aEXGIL135872$9ExL 040 $aDip.to Filol. Ling. e Lett.$bita 100 1 $aHirschbuhler, Paul$0387538 245 10$aRomance Languages and Modern Linguistic Theory :$bPapers from the 20th Linguistic Symposium on Romance Languages (LSRL XX) /$cedited by Paul Hirschbuhler and Konrad Koerner University of Ottawa, Canada 260 $aAmsterdam ; Philadelphia :$bJohn Beniamins Publishing Company,$c1992 300 $aVIII, 416 p. ;$c22 cm. 490 0 $aAmsterdam Studies in the Theory and History of Linguistic Science. Current Issues in Linguistic Theory, Serie 4 ;$v91 650 4$aLingue romanze 650 4$aLinguistica moderna 907 $a.b10625549$b23-02-17$c28-06-02 912 $a991004197299707536 945 $aLE008 FL.M. (f.r.) V A 15$g1$i2008000493622$lle008$o-$pE0.00$q-$rl$s- $t0$u0$v0$w0$x0$y.i1071294x$z28-06-02 996 $aRomance Languages and Modern Linguistic Theory$9234736 997 $aUNISALENTO 998 $ale008$b01-01-94$cm$da $e-$feng$guk $h0$i1 LEADER 01752nam 22005413 450 001 9910133635903321 005 20121227172223.0 035 $a(CKB)3280000000014140 035 $a(ItFiC)it 02499546 035 $a(SSID)ssj0000725923 035 $a(PQKBManifestationID)12261226 035 $a(PQKBTitleCode)TC0000725923 035 $a(PQKBWorkID)10765998 035 $a(PQKB)11417465 035 $a(EXLCZ)993280000000014140 100 $a20120627d2011 uy 101 0 $aita 181 $ctxt 182 $cc 183 $acr 200 10$aAlessandro Magno $eeroe arabo nel Medioevo /$fMarco Di Branco 210 $aRoma $cSalerno$d2011 215 $a150 p 225 0 $aPiccoli saggi Alessandro Magno 300 $aBibliographic Level Mode of Issuance: Monograph 311 $a88-8402-711-X 517 $aAlessandro Magno 606 $aArabic literature$xHistory and criticism 606 $aLiterature, Medieval$xHistory and criticism 606 $aArabic literature$xHistory and criticism 606 $aLiterature, Medieval$xHistory and criticism 606 $aLanguages & Literatures$2HILCC 606 $aMiddle Eastern Languages & Literatures$2HILCC 615 0$aArabic literature$xHistory and criticism. 615 0$aLiterature, Medieval$xHistory and criticism. 615 0$aArabic literature$xHistory and criticism. 615 0$aLiterature, Medieval$xHistory and criticism. 615 7$aLanguages & Literatures 615 7$aMiddle Eastern Languages & Literatures 676 $a938 686 $a6,12$2ssgn 700 $aDi Branco$b Marco$0596597 801 0$bItFiC 801 1$bItFiC 906 $aBOOK 912 $a9910133635903321 996 $aAlessandro Magno$91138376 997 $aUNINA